Soltería y celibato

Guardat en:
Dades bibliogràfiques
Autor principal: Oraison, Marc (autor)
Format: Llibre
Idioma:espanyol
Publicat: Barcelona Estela 1968
Col·lecció:Vida y Amor, 18
Matèries:
Etiquetes: Afegir etiqueta
Sense etiquetes, Sigues el primer a etiquetar aquest registre!

MARC

LEADER 00000nam a2200000 a 4500
001 UCR3128
003 CL-VaPUC
008 980123e19680000SP |||||||||||||||||spa|d
082 0 4 |a 291.56  |b ORA  |2 21 
100 |a Oraison, Marc  |e autor  |9 329711 
245 1 0 |a Soltería y celibato 
300 |a 187 p 
942 |c BK 
945 |d 19980123 00:00:00  |a rleighto 
260 |a Barcelona  |b Estela  |c 1968 
650 7 |a CELIBATO  |2 CL-VaPUC  |9 334066 
650 0 |a Ética cristiana   |9 308677 
650 0 |a Vida religiosa  |9 257284 
650 7 |a COMPORTAMIENTO RELIGIOSO  |2 CL-VaPUC  |9 336030 
583 |a last modification  |c 19980123 00:00:00  |k Rodrigo Vera 
490 0 |a Vida y Amor, 18 
999 |c 266230  |d 266228 
952 |0 0  |1 0  |4 0  |6 291_560000000000000_ORA_1968  |7 0  |8 A  |9 297637  |a BIBTEO  |b BIBTEO  |d 2019-11-20  |i 3369188  |o 291.56 ORA 1968  |p 3369188  |r 2024-01-18  |w 2019-11-20  |y BK  |k ICR